Les droits de l'enfant à l'école. Pour une éducation à la citoyenneté (Record no. 31)

MARC details
000 -LEADER
fixed length control field 01871nam a2200277 4500
008 - FIXED-LENGTH DATA ELEMENTS--GENERAL INFORMATION
fixed length control field s2002 be fre u
020 ## - INTERNATIONAL STANDARD BOOK NUMBER
International Standard Book Number 2701132649
020 ## - INTERNATIONAL STANDARD BOOK NUMBER
International Standard Book Number 9782701132648
022 ## - INTERNATIONAL STANDARD SERIAL NUMBER
International Standard Serial Number 1373-024X
040 ## - CATALOGING SOURCE
Original cataloging agency LB-BrCRDP
082 1# - DEWEY DECIMAL CLASSIFICATION NUMBER
Classification number 370.115
Item number LEG
100 1# - MAIN ENTRY--PERSONAL NAME
Personal name Le Gal, Jean
245 14 - TITLE STATEMENT
Title Les droits de l'enfant à l'école. Pour une éducation à la citoyenneté
Statement of responsibility, etc. Jean Le Gal
260 ## - PUBLICATION, DISTRIBUTION, ETC.
Place of publication, distribution, etc. Bruxelles
Name of publisher, distributor, etc. De Boeck
Date of publication, distribution, etc. 2002
260 ## - PUBLICATION, DISTRIBUTION, ETC.
Place of publication, distribution, etc. Paris
Name of publisher, distributor, etc. Belin
300 ## - PHYSICAL DESCRIPTION
Extent 214 p.
Dimensions 23 cm
490 0# - SERIES STATEMENT
Series statement Comprendre
500 ## - GENERAL NOTE
General note Bilbliographie, table des matières, conclusion.
520 ## - SUMMARY, ETC.
Summary, etc. Etre un citoyen libre et responsable, c'est faire entendre son opinion, proposer des projets et des solutions aux problèmes, s'associer aux débats et aux prises de décision, assumer des responsabilités. Mais qu'en est-il des enfants ? Sont-ils eux aussi des citoyens ? En se référant à la Convention internationale des droits de l'enfant, l'ouvrage montre qu'au terme d'un long processus historique, l'enfant soumis est devenu enfant citoyen, désormais titulaire de droits civils, sociaux et culturels, mais aussi de libertés publiques.Toutefois, un apprentissage s'avère nécessaire : l'enfant devient citoyen par l'exercice de la citoyenneté. S'appuyant sur une riche expérience d'instituteur, de formateur et de chercheur, l'auteur propose aux équipes pédagogiques, des éléments pertinents pour mettre en place une éducation à la citoyenneté par une participation active et responsable des élèves : conseils de classe et d'école, exercice des libertés, organisation des responsabilités, démarche participative, règles de vie et discipline éducative...
650 4# - SUBJECT ADDED ENTRY--TOPICAL TERM
Topical term or geographic name entry element Droits de l'enfant
650 4# - SUBJECT ADDED ENTRY--TOPICAL TERM
Topical term or geographic name entry element Citoyenneté de l'enfant
650 4# - SUBJECT ADDED ENTRY--TOPICAL TERM
Topical term or geographic name entry element Conseil
650 4# - SUBJECT ADDED ENTRY--TOPICAL TERM
Topical term or geographic name entry element Pédagogie
942 ## - ADDED ENTRY ELEMENTS (KOHA)
Koha item type Books
Holdings
Withdrawn status Lost status Source of classification or shelving scheme Damaged status Not for loan Home library Current library Shelving location Date acquired Source of acquisition Cost, normal purchase price Total Checkouts Full call number Barcode Date last seen Copy number Price effective from Koha item type
    Dewey Decimal Classification     مكتب الاعداد والتدريب - الدكوانه مكتب الاعداد والتدريب - الدكوانه Standard Shelving Location 07/28/2016       372.8 GAL   07/28/2016   07/28/2016 Books
    Dewey Decimal Classification     مكتبة دار المعلمين و المعلمات - جونية مكتبة دار المعلمين و المعلمات - جونية Salle de Lecture 02/01/2006 Ambassade de France 19.00   372.832 GAL. CRJ620 07/27/2016 1 07/27/2016 Books
    Dewey Decimal Classification     مكتبة دار المعلمين و المعلمات - جونية مكتبة دار المعلمين و المعلمات - جونية Salle de Lecture 02/28/2009 Ambassade de France 19.00   372.832 GAL. CRJ3383 07/27/2016 2 07/27/2016 Books
    Dewey Decimal Classification     مكتبة دار المعلمين و المعلمات - زحلة مكتبة دار المعلمين و المعلمات - زحلة Salle de Lecture 07/12/2005 Amb. de France 19.25   370.115 LEG CRZ31 07/26/2016 1 07/26/2016 Books
    Dewey Decimal Classification     مكتبة دار المعلمين و المعلمات - زحلة مكتبة دار المعلمين و المعلمات - زحلة Salle de Lecture 12/12/2008 Amb. de France 19.25   370.115 LEG CRZ3548 07/26/2016 2 07/26/2016 Books